000 00463nam a22001577a 4500
003 OSt
005 20211223095850.0
008 211223b |||||||| |||| 00| 0 eng d
020 _a8183562086
040 _cHU
082 _a371.100820954
245 _aGender issues and women empowerment
_c Noorjehan N Ganihar; Shahataj Begum
260 _a New Delhi :
_b DPH Discovery Publishing House,
_c 2007.
300 _a 232 pages ; 22 cm
_c 22 cm
942 _2ddc
_cBOOKS
_n0
999 _c23648
_d23648